Histoire du Droit Canon (Record no. 153602)

MARC details
000 -LEADER
campo de control de longitud fija 00736nam a22001935i 4500
001 - NÚMERO DE CONTROL
campo de control 153602
003 - IDENTIFICADOR DE NÚMERO DE CONTROL
campo de control ES-MaACL
005 - FECHA Y HORA DE LA ÚLTIMA TRANSACCIÓN
campo de control 20250929063220.0
008 - DATOS DE LONGITUD FIJA--INFORMACIÓN GENERAL
campo de control de longitud fija 960202s1770 fr |||| | fre d
040 ## - FUENTE DE CATALOGACIÓN
Centro catalogador/agencia de origen CYL
Lengua de catalogación spa
Centro/agencia transcriptor CYL
100 1# - ENTRADA PRINCIPAL--NOMBRE DE PERSONA
Nombre de persona Durand de Maillane, Pierre Toussaint,
Fechas asociadas al nombre 1729-1814
9 (RLIN) 126882
245 10 - MENCIÓN DEL TÍTULO
Título Histoire du Droit Canon
Resto del título : pour servir d'introduction à l'étude du Droit Canonique /
Mención de responsabilidad, etc. par M. Durant, Co-Seigneur de Maillane...
260 ## - PUBLICACIÓN, DISTRIBUCIÓN, ETC.
Lugar de publicación, distribución, etc. A Lyon :
Nombre del editor, distribuidor, etc. chez Jean-Marie Bruyset ...,
Fecha de publicación, distribución, etc. 1770.
300 ## - DESCRIPCIÓN FÍSICA
Extensión VIII, 540 p. ;
Dimensiones 12º.
650 #7 - PUNTO DE ACCESO ADICIONAL DE MATERIA--TÉRMINO DE MATERIA
Término de materia o nombre geográfico como elemento de entrada Derecho canónico
Fuente del encabezamiento o término embne
9 (RLIN) 11655
852 ## - LOCALIZACIÓN
Ubicación ES-MaACL
Número de control de estantería R-492
Nota libre Enc. pasta con hierros
Signatura antigua Olim: D-448
itemnumber 159195
Ubicación en estantería Depósito
942 ## - ELEMENTOS DE ENTRADA SECUNDARIOS (KOHA)
Fuente del sistema de clasificación o colocación Clasificación decimal universal
Holdings
Estatus retirado Estado de pérdida Estado de daño No para préstamo Colección Biblioteca de origen Biblioteca actual Ubicación en estantería Fecha de adquisición Fuente de adquisición Total de préstamos Signatura topográfica completa Código de barras Visto por última vez Precio de reemplazo Tipo de ítem Koha
        Libros del s. XVIII Biblioteca del Ateneo de Madrid Biblioteca del Ateneo de Madrid Depósito 17/01/2008     R-492 1160573 23/02/2023 23/02/2023 Libro impreso antiguo